Państwa Europy południowej - Statystyki

Ogólne statystyki
  • Ten quiz został rozwiązany 26 razy
  • Średni wynik to 13 z 15
Statystyki odpowiedzi
Państwo % Poprawnych
Portugalia
100%
Albania
95%
Grecja
95%
Hiszpania
95%
Andora
90%
Bośnia i Hercegowina
90%
Czarnogóra
90%
Macedonia Północna
90%
Malta
90%
San Marino
90%
Serbia
90%
Bułgaria
85%
Chorwacja
85%
Słowenia
65%
Watykan, Włochy
5%
Nie znaleziono quizów pasujących do podanych kryteriów
Rozkład punktacji
Procent ludzi z każdym wynikiem
Percentyl według liczby udzielonych odpowiedzi
Twoja historia wyników
Nie rozwiązałeś tego quizu